00234nam a2200097 a 4500008004100000050001500041100002800056245003400084260000900118350000900127120416s1978 xx |||||||||||||| || u aTT 205 Dan aDaniele, Joseph William10aEarly American metal projects c1978 a0.00